00386nam a2200169Ia 4500003000400000005001700004008004100021020001800062040000700080041000800087082001700095100001600112245002500128260004000153300000900193650001400202OSt20250813105412.0250729s2005 xx 000 0 und d a9788170999843 cAL aeng a371.333 VENN aKaur Nirmal aHistory of education aNew DelhibAnnual Publicationc2005 a257p aEducation